000 00760nac a22002051u 4500
020 _a0877193835
082 _a658.406
_bKIR
090 _c6770
_d6770
100 _aKirkpatrick, Donald L.
245 _aManaging change efeectively:
_bApproaches, methods and case examples/
_cDonald L. Kirkpatrick
260 _aBoston:
_bButterworth Heinmann,2001
_c2001
300 _a192p.;
_c22 cm.
440 _aImproving human performance series
500 _adistributer: Al-Ahram
511 _acatalogued by: wessam
650 _aorganizational change
650 _aorganizational effectiveness
942 _cBB
_k658.406KIR
999 _c6770
_d6770